000 00748nam a2200265Ia 4500
005 20260302114441.0
008 008 260114s9999 xx 000 0 eng d
020 _a9781474256391
037 _aTextbook
040 _aCRL
040 _beng
040 _cCRL
041 _2eng
041 _aeng
084 _qCRL
100 _aMaurice O’Connor Drury
_91118803
245 4 _aThe Selected Writings of Maurice O’Connor Drury On Wittgenstein, Philosophy, Religion and Psychiatry
260 _bBloomsbury
260 _bBloomsbury Academic
260 _c2017
650 _aPhilosophy
856 _uhttps://doi.org/10.5040/9781474256391?locatt=label:secondary_bloomsburyCollections
942 _cEBOOK
999 _c1682595
_d1682595